000 002740000a22000970004500
100 1 _aHiggs, Robert
245 1 0 _aThe welfare state : Promising protection in an age of anxiety
300 _aVol. 46, Num. 5 (Mayo, 1996), Páginas 260-266
773 0 _tThe Freeman
942 _cANA
999 _c56282
_d56282